مكتبة جامعة عجلون الوطنية

فهرس بحث المكتبة

اثر التدفقات النقدية على الافصاح عن الاستدامة في الشركات الصناعية المدرجة في بورصة عمان : الملكية الادارية كمتغير معدل = The Impact of Cash Flows on the Sustainability Disclosure in the Industrial Companies Listed on the Amman Stock Exchange : Managerial Ownership as a Moderating Variable / (Record no. 33275)

MARC details
000 -LEADER
fixed length control field 01186nam a22001697a 4500
003 - CONTROL NUMBER IDENTIFIER
control field JO-AjAnu
005 - DATE AND TIME OF LATEST TRANSACTION
control field 20231211113847.0
008 - FIXED-LENGTH DATA ELEMENTS--GENERAL INFORMATION
fixed length control field 231211b jo ||||| |||| 00| 0 ara d
040 ## - CATALOGING SOURCE
Language of cataloging ARA
Transcribing agency JO-AjAnu
Modifying agency ANU
100 ## - MAIN ENTRY--PERSONAL NAME
Personal name القرعان، روز أحمد شامخ
9 (RLIN) 64922
Relator term معد
245 ## - TITLE STATEMENT
Title اثر التدفقات النقدية على الافصاح عن الاستدامة في الشركات الصناعية المدرجة في بورصة عمان : الملكية الادارية كمتغير معدل = The Impact of Cash Flows on the Sustainability Disclosure in the Industrial Companies Listed on the Amman Stock Exchange : Managerial Ownership as a Moderating Variable /
Statement of responsibility, etc. اعداد روز أحمد شامخ القرعان ؛ اشراف أحمد إبراهيم كراجة
260 ## - PUBLICATION, DISTRIBUTION, ETC.
Place of publication, distribution, etc. عجلون :
Name of publisher, distributor, etc. جامعة عجلون الوطنية،
Date of publication, distribution, etc. 2023
500 ## - GENERAL NOTE
General note رساله جامعية (ماجستير) - جامعة عجلون الوطنية، 2023<br/>تحتوي على منحنيات واشكال بيانية
650 ## - SUBJECT ADDED ENTRY--TOPICAL TERM
Form subdivision التدفقات النقدية-محاسبة-الأردن
700 ## - ADDED ENTRY--PERSONAL NAME
Personal name أحمد إبراهيم كراجة
9 (RLIN) 64926
Relator term مشرف
942 ## - ADDED ENTRY ELEMENTS (KOHA)
Source of classification or shelving scheme Library of Congress Classification
Koha item type Thesis
Suppress in OPAC No
Holdings
Withdrawn status Lost status Source of classification or shelving scheme Damaged status Not for loan Home library Current library Date acquired Total Checkouts Full call number Barcode Date last seen Price effective from Koha item type
    Library of Congress Classification     مكتبة جامعة عجلون الوطنية مكتبة جامعة عجلون الوطنية 11/12/2023   HF5681.2023 A29711 11/12/2023 11/12/2023 Thesis
    Library of Congress Classification     مكتبة جامعة عجلون الوطنية مكتبة جامعة عجلون الوطنية 11/12/2023   HF5681.2023 A29712 11/12/2023 11/12/2023 Thesis